Las moradas filosofales / (Record no. 167070)

MARC details
000 -LEADER
campo de control de longitud fija 01067nam a2200289 i 4500
001 - NÚMERO DE CONTROL
campo de control 167070
003 - IDENTIFICADOR DE NÚMERO DE CONTROL
campo de control ES-MaACL
005 - FECHA Y HORA DE LA ÚLTIMA TRANSACCIÓN
campo de control 20230906213444.0
008 - DATOS DE LONGITUD FIJA--INFORMACIÓN GENERAL
campo de control de longitud fija 150325s2000 sp |||| | spa d
020 ## - NÚMERO INTERNACIONAL ESTÁNDAR DEL LIBRO
Número Internacional Estándar del Libro 84-89768-47-1 Índigo
020 ## - NÚMERO INTERNACIONAL ESTÁNDAR DEL LIBRO
Número Internacional Estándar del Libro 950-754-070-9 Continente
080 ## - NÚMERO DE LA CLASIFICACIÓN DECIMAL UNIVERSAL
Número de la Clasificación Decimal Universal 133.5:54
100 0# - ENTRADA PRINCIPAL--NOMBRE DE PERSONA
Nombre de persona Fulcanelli.
9 (RLIN) 52993
245 14 - MENCIÓN DEL TÍTULO
Título Las moradas filosofales /
Mención de responsabilidad, etc. Fulcanelli ; traducción al castellano, Núria García i Amat ; introducción, Santiago Jubany i Closas.
260 ## - PUBLICACIÓN, DISTRIBUCIÓN, ETC.
Lugar de publicación, distribución, etc. [Barcelona] :
Nombre del editor, distribuidor, etc. Índigo ;
Lugar de publicación, distribución, etc. Buenos Aires? :
Nombre del editor, distribuidor, etc. Continente,
Fecha de publicación, distribución, etc. [2000]
300 ## - DESCRIPCIÓN FÍSICA
Extensión 661 p., XLV p. de lam. ;
Dimensiones 22 cm.
490 1# - MENCIÓN DE SERIE
Mención de serie Archivo hermético ;
Designación de volumen o secuencia 10
650 #4 - PUNTO DE ACCESO ADICIONAL DE MATERIA--TÉRMINO DE MATERIA
Término de materia o nombre geográfico como elemento de entrada Alquimia.
9 (RLIN) 9742
650 #4 - PUNTO DE ACCESO ADICIONAL DE MATERIA--TÉRMINO DE MATERIA
Término de materia o nombre geográfico como elemento de entrada Simbolismo cristiano.
9 (RLIN) 17106
650 #4 - PUNTO DE ACCESO ADICIONAL DE MATERIA--TÉRMINO DE MATERIA
Término de materia o nombre geográfico como elemento de entrada Arquitectura-
Subdivisión general Aspectos simbólicos.
9 (RLIN) 156615
650 #4 - PUNTO DE ACCESO ADICIONAL DE MATERIA--TÉRMINO DE MATERIA
Término de materia o nombre geográfico como elemento de entrada Catedrales góticas.
9 (RLIN) 156614
700 0# - ENTRADA AGREGADA--NOMBRE PERSONAL
Nombre de persona Garcia i Amat, Núria.
9 (RLIN) 54784
700 0# - ENTRADA AGREGADA--NOMBRE PERSONAL
Nombre de persona Jubany i Closas, Santiago.
9 (RLIN) 67173
830 0# - PUNTO DE ACCESO ADICIONAL DE SERIE-TÍTULO UNIFORME
Título uniforme Archivo hermético ;
Designación de volumen o secuencia 10
9 (RLIN) 188644
852 ## - LOCALIZACIÓN
Ubicación ES-MaACL
Número de control de estantería L-30115
Nota libre .- Donat. Miguel A. Velasco
Holdings
Estatus retirado Estado de pérdida Estado de daño No para préstamo Biblioteca de origen Biblioteca actual Ubicación en estantería Fecha de adquisición Fuente de adquisición Total de préstamos Signatura topográfica completa Código de barras Visto por última vez Precio de reemplazo Tipo de ítem Koha
        Biblioteca del Ateneo de Madrid Biblioteca del Ateneo de Madrid Depósito 2 25/03/2015     L-30115 1193662 23/02/2023 23/02/2023 Libro impreso